| 000 | 00660nam a2200217Ia 4500 | ||
|---|---|---|---|
| 003 | IN-BaIIA | ||
| 008 | 211028s9999 xx 000 0 eng d | ||
| 020 | _a90-277-0241-1 | ||
| 040 | _cIIA Library | ||
| 080 |
_a524.3-64 _bATH |
||
| 100 |
_aAthay, Grant R _97908 |
||
| 245 | 0 |
_aRadiation transport in spectral lines _cGrant R. Athay |
|
| 260 |
_aDordrecht _bD. Reidel Publishing _c1972 |
||
| 300 | _axiii, 263p. | ||
| 490 | _aGeophysics and astrophysics monographs; v. 1 | ||
| 650 |
_a Spectral lines _97909 |
||
| 650 |
_a Star _97910 |
||
| 650 |
_aAstronomy and astrophysics thesaurus _91143 |
||
| 650 |
_aRadiative transfer _97911 |
||
| 942 | _cBK | ||
| 999 |
_c4511 _d4511 |
||